| 000 | 01128nam a22002417a 4500 | ||
|---|---|---|---|
| 005 | 20111207162222.0 | ||
| 008 | 111207t xxu||||| |||| 00| 0 mar d | ||
| 010 | _aMAR-21767 | ||
| 020 | _c100.00 | ||
| 035 | _aMR-14425 | ||
| 037 | _bDBAD/PUB | ||
| 040 |
_aDPL _bMR |
||
| 082 | _a891.462 | ||
| 100 |
_936528 _aविजय भास्कर |
||
| 245 |
_aपुन्हा गांधीजी / _cविजय भास्कर ; हेमलता पाटील द्वारा अनुवादित |
||
| 246 |
_aPunha Gandhiji _bby Vijay Bhaskar |
||
| 260 |
_aऔरंगाबाद _bगोदा प्रकाशन _c2008 |
||
| 270 |
_a'अक्षर',49,जयनगर,नवा उस्मानपुर, _bऔरंगाबाद _e431005 |
||
| 300 |
_a49पृ. _c21सेमी(अजिल्द) |
||
| 700 |
_aपाटील,हेमलता _937009 |
||
| 942 |
_2ddc _cMR _mविजय _h891.462 |
||
| 999 |
_c59526 _d59526 |
||